Sports Quiz

Random Sports or Famous Quiz

15 Belarusian famous athletes Quiz Stats

 Plays Quiz not verified by Sporcle

Challenge
Share
Tweet
Embed
Score 0/15 Timer 10:00
0 Plays Today
Description Athlete % Correct
A tennis player, who in January 2012 became World No. 1. In the same year she won Australian Open, gold and bronze medal at 2012 Olympics.Victoria Azarenka
78.6%
A footballer playing as attacking midfielder. In 2009 he won Champions League, La Liga championship and Copa del Rey with FC Barcelona. Now BATE Borisov player.Alyaksandr Hleb
66.7%
A tennis player. He achieved his successes in doubles. He won 6 Grand Slams in doubles and gold medal at Olympics 2012 in mixed doubles.Max Mirnyi
61.9%
A biathlete. At the 2010 Olympic Games in Vancouver she won bronze medal in 15km Individual race. In 2012 she won gold medal at World Championships in pursuit.Darya Domracheva
35.7%
An ice hockey player, defenceman. He spent 14 seasons in NHL for: Red Wings, Avalanche, Panthers and Mighty Ducks. Died in 2011 in plane crash with Lokomotiv Yaroslavl team.Ruslan Salei
31%
A gymnast. She competed for Soviet Union. She won four gold medals and two silver medals at the Summer Olympics: in 1972 in Munich and in 1976 in Montreal.Olga Korbut
26.2%
A female sprinter. She won 100m race at 2004 Olympics in 10.93 seconds, becoming first non-black athlete to win this event since 1980 Olympics.Yulia Nestsiarenka
23.8%
A shot putter. In 2003 in Paris he won world championship. He is also an Olympic bronze medalist from 2008 Beijing.Andrei Mikhnevich
19%
Description Athlete % Correct
A swimmer. She specialises in sprint freestyle and backstroke events. At 2012 Olympics she won two silver medals. World Champion from 2011 in 100m freestyle.Aleksandra Gerasimenya
19%
A mixed martial artist (MMA). He is former Undisputed Ultimate Fighting Championship Heavyweight Champion. He is also the only man to ever KO Roy Nelson and Travis Fulton.Andrei Arlovski
14.3%
A shot putter. She briefly became Olympic Champion in 2012 but was subsequently stripped of the title for failing a drug test. She was World Champion in the shot put in 2005Nadzeya Ostapchuk
14.3%
A hammer thrower. In 2005 he won World Championship silver medal. He originally won a silver medal at 2008 Olympics, but was later taken away for doping and reinstated afterwards.Vadim Devyatovskiy
11.9%
A shot putter. She achieved successes in European Championships and World Indoor Championships. In 2008 she won silver medal at Olympics in Beijing.Natallia Mikhnevich
9.5%
A biathlete. At the 2010 Winter Olympic Games in Vancouver, he won the silver medal in the Men's 20 Kilometre Individual race together with Ole Einar Bjørndalen.Sergey Novikov
9.5%
A weightlifter who won silver medals in Men's 85 kg at the 2004 and 2008 Summer Olympics, setting a world record at 2008 Olympics.Andrei Rybakou
4.8%

You're not logged in!

Compare scores with friends on all Sporcle quizzes.
OR
Log In

You Might Also Like...

Show Comments

Extras

Top Quizzes Today


Score Distribution

Your Account Isn't Verified!

In order to create a playlist on Sporcle, you need to verify the email address you used during registration. Go to your Sporcle Settings to finish the process.

Report this User

Report this user for behavior that violates our Community Guidelines.

Details: